[Event "ENCI Limburg-open B"]
[Site "Maastricht"]
[Date "2008.05.12"]
[Round "6"]
[White "Gundogmus, Alaettin"]
[Black "Van Steenwinckel, Hugo"]
[Result "0-1"]
[WhiteElo "1586"]
[BlackElo "1699"]
[PlyCount "68"]
[EventDate "2008.05.09"]
[EventType "swiss"]
[EventRounds "7"]
[EventCountry "NED"]
[Source "P.Boonen"]
[SourceDate "2010.01.01"]

1. d4 d5 2. c4 e6 3. Nc3 Nf6 4. Nf3 c5 5. a3 dxc4 6. dxc5 Qxd1+ 7. Nxd1 Bxc5 8.
Nc3 a6 9. a4 Nc6 10. e3 Nb4 11. Kd1 O-O 12. Bxc4 Bd7 13. Bd2 Bc6 14. Ne1 Rfd8
15. Ke2 Rd7 16. Na2 Nxa2 17. Rxa2 Rad8 18. b4 Be7 19. f3 Bxa4 20. Bc3 b5 21.
Bd3 Nd5 22. Bd2 Bxb4 23. e4 Nc3+ 24. Bxc3 Bxc3 25. Ra3 Bxe1 26. Rxe1 e5 27. Rc1
Rd6 28. Rc5 f6 29. g4 g5 30. h3 Kg7 31. Rc7+ Kg6 32. h4 gxh4 33. f4 R8d7 34.
fxe5 fxe5 0-1

[Event "ENCI Limburg-open B"]
[Site "Maastricht"]
[Date "2008.05.12"]
[Round "6"]
[White "Hein, Andreas"]
[Black "Rahangmetan, Derek Jan"]
[Result "1-0"]
[WhiteElo "1637"]
[BlackElo "1507"]
[PlyCount "41"]
[EventDate "2008.05.09"]
[EventType "swiss"]
[EventRounds "7"]
[EventCountry "NED"]
[Source "P.Boonen"]
[SourceDate "2010.01.01"]

1. e4 e5 2. f4 d6 3. Nf3 Nc6 4. d4 f6 5. dxe5 fxe5 6. Bc4 Nf6 7. Ng5 Bg4 8. Qd3
Nb4 9. Bf7+ Ke7 10. Qb3 Nc6 11. c3 Qc8 12. h3 Bd7 13. fxe5 Nxe5 14. Bc4 h6 15.
Nf7 Nxf7 16. Bxf7 Nxe4 17. O-O Nc5 18. Qb4 a5 19. Qh4+ g5 20. Bxg5+ hxg5 21.
Qxg5# 1-0

[Event "ENCI Limburg-open B"]
[Site "Maastricht"]
[Date "2008.05.12"]
[Round "6"]
[White "Heman, Frans"]
[Black "Van Ginneken, Maikel"]
[Result "0-1"]
[WhiteElo "1555"]
[BlackElo "1277"]
[PlyCount "96"]
[EventDate "2008.05.09"]
[EventType "swiss"]
[EventRounds "7"]
[EventCountry "NED"]
[Source "P.Boonen"]
[SourceDate "2010.01.01"]

1. f4 f5 2. e4 fxe4 3. d3 Nf6 4. Nc3 exd3 5. Bxd3 Nc6 6. Nf3 b6 7. O-O Bb7 8.
Ne4 Nxe4 9. Bxe4 e6 10. Ng5 Bc5+ 11. Kh1 g6 12. c3 a5 13. Qf3 Qe7 14. a4 O-O-O
15. b4 axb4 16. cxb4 Bxb4 17. Bb2 Rhe8 18. Qh3 Na5 19. Bxb7+ Nxb7 20. Nxh7 Rh8
21. Bxh8 Rxh8 22. Qd3 Qxh7 23. h3 Nc5 24. Qf3 c6 25. Rab1 Ba5 26. Kh2 Nxa4 27.
Rfc1 Nc5 28. Qf1 Kd8 29. Rxc5 bxc5 30. Qa6 Bb4 31. Rd1 Qf7 32. Qb6+ Ke7 33. Qc7
Rd8 34. Qe5 Qf6 35. Qd6+ Ke8 36. Rf1 Qd4 37. Qc7 Bd2 38. Kg3 g5 39. f5 Bf4+ 40.
Rxf4 Qxf4+ 41. Qxf4 gxf4+ 42. Kxf4 exf5 43. Kxf5 d5 44. g4 d4 45. g5 d3 46. g6
Rd7 47. Kf6 d2 48. g7 Rxg7 0-1

[Event "ENCI Limburg-open B"]
[Site "Maastricht"]
[Date "2008.05.12"]
[Round "6"]
[White "Hendrikse, Arnoud"]
[Black "Slangen Knuit, Dien"]
[Result "1-0"]
[WhiteElo "1444"]
[BlackElo "1297"]
[PlyCount "75"]
[EventDate "2008.05.09"]
[EventType "swiss"]
[EventRounds "7"]
[EventCountry "NED"]
[Source "P.Boonen"]
[SourceDate "2010.01.01"]

1. d4 d5 2. c4 e6 3. Nc3 c6 4. Nf3 Nf6 5. e3 Be7 6. Bd3 O-O 7. Bc2 Nbd7 8. b3
b6 9. O-O Bb7 10. Bb2 Rc8 11. e4 dxe4 12. Nxe4 c5 13. Nxf6+ Bxf6 14. Ne5 Rc7
15. f4 a5 16. Qd3 g6 17. Rad1 Bc8 18. d5 exd5 19. cxd5 Ra7 20. Nc6 Ba6 21. Qf3
Qa8 22. Bxf6 Nxf6 23. Rfe1 Rc7 24. Be4 Nxe4 25. Rxe4 Bb7 26. Re7 Rxe7 27. Nxe7+
Kh8 28. Qc3+ f6 29. Qh3 Bc8 30. Nxc8 Qxc8 31. Qe6 Qd8 32. Qc6 f5 33. d6 Rf6 34.
Qc7 Rf8 35. Re1 Re8 36. Rxe8+ Qxe8 37. Qe7 Qb8 38. d7 1-0

[Event "ENCI Limburg-open B"]
[Site "Maastricht"]
[Date "2008.05.12"]
[Round "6"]
[White "Henrotte, Nils"]
[Black "Bokern, Paul"]
[Result "0-1"]
[WhiteElo "1555"]
[BlackElo "1268"]
[PlyCount "36"]
[EventDate "2008.05.09"]
[EventType "swiss"]
[EventRounds "7"]
[EventCountry "NED"]
[Source "P.Boonen"]
[SourceDate "2010.01.01"]

1. e4 e6 2. d4 d5 3. Nd2 c5 4. exd5 exd5 5. Bb5+ Nc6 6. Qe2+ Be7 7. dxc5 Nf6 8.
Nb3 O-O 9. Bd2 Re8 10. O-O-O Bxc5 11. Qf1 Qe7 12. Bg5 Bb4 13. c3 Bf5 14. Bxc6
Bxc3 15. Bxe8 Rc8 16. Bxf7+ Kxf7 17. bxc3 Rxc3+ 18. Kd2 Rc2# 0-1

[Event "ENCI Limburg-open B"]
[Site "Maastricht"]
[Date "2008.05.12"]
[Round "6"]
[White "Heuts, John"]
[Black "Cromsigt, Jeroen"]
[Result "1/2-1/2"]
[WhiteElo "1746"]
[BlackElo "1860"]
[PlyCount "51"]
[EventDate "2008.05.09"]
[EventType "swiss"]
[EventRounds "7"]
[EventCountry "NED"]
[Source "P.Boonen"]
[SourceDate "2010.01.01"]

1. c4 Nf6 2. d4 c5 3. e3 e6 4. Nf3 d5 5. Nc3 Nc6 6. b3 cxd4 7. Nxd4 Bb4 8. Bb2
Ne4 9. Ndb5 a6 10. a3 Be7 11. Nxe4 dxe4 12. Qxd8+ Kxd8 13. O-O-O+ Bd7 14. Nd6
Bxd6 15. Rxd6 Ke7 16. Rd2 f6 17. Be2 Rhd8 18. Rhd1 Be8 19. b4 Rxd2 20. Rxd2 Rd8
21. c5 Rxd2 22. Kxd2 g6 23. Bc3 Na7 24. Bd1 f5 25. f3 exf3 26. gxf3 1/2-1/2

[Event "ENCI Limburg-open B"]
[Site "Maastricht"]
[Date "2008.05.12"]
[Round "6"]
[White "Hodenius, Frans"]
[Black "Van Liempt, Michael"]
[Result "0-1"]
[WhiteElo "1590"]
[BlackElo "1788"]
[PlyCount "60"]
[EventDate "2008.05.09"]
[EventType "swiss"]
[EventRounds "7"]
[EventCountry "NED"]
[Source "P.Boonen"]
[SourceDate "2010.01.01"]

1. Nf3 Nf6 2. d4 g6 3. c4 Bg7 4. Nc3 O-O 5. e4 d6 6. Be2 Nbd7 7. O-O e5 8. d5
Nc5 9. Qc2 a5 10. Ne1 Qe7 11. f3 Nh5 12. Nd3 b6 13. Nxc5 bxc5 14. Bd3 Nf4 15.
Bxf4 exf4 16. Ne2 Be5 17. Kh1 Qh4 18. Ng1 h5 19. Rab1 Kg7 20. Qf2 Qf6 21. b3 g5
22. g3 Bd7 23. Rbc1 a4 24. Rb1 axb3 25. axb3 Ra3 26. Ne2 Ra2 27. Rfd1 fxg3 28.
hxg3 h4 29. gxh4 Rh8 30. Kg2 Bh3+ 0-1

[Event "ENCI Limburg-open B"]
[Site "Maastricht"]
[Date "2008.05.12"]
[Round "6"]
[White "Hoogland, Bauke"]
[Black "Obels, Pepijn"]
[Result "1/2-1/2"]
[WhiteElo "1838"]
[BlackElo "1728"]
[PlyCount "84"]
[EventDate "2008.05.09"]
[EventType "swiss"]
[EventRounds "7"]
[EventCountry "NED"]
[Source "P.Boonen"]
[SourceDate "2010.01.01"]

1. e4 c5 2. Nc3 g6 3. f4 Nc6 4. Nf3 Bg7 5. Bb5 Nd4 6. O-O Nxb5 7. Nxb5 d5 8.
exd5 a6 9. Nc3 Nf6 10. d4 c4 11. Ne5 Nxd5 12. Qf3 Nb4 13. Rf2 Bf5 14. g4 Nxc2
15. gxf5 Nxa1 16. Qxb7 O-O 17. Be3 e6 18. fxe6 fxe6 19. Qc6 Qc8 20. Qe4 Bxe5
21. dxe5 Rd8 22. Qb1 Rd3 23. Bc1 Qb7 24. Qxa1 Rad8 25. a4 Qb6 26. a5 Qd4 27.
Qa4 g5 28. Qc6 Rf8 29. Qxe6+ Kh8 30. Qb6 gxf4 31. Qxd4 Rxd4 32. Ne2 Rg8+ 33.
Rg2 Re4 34. Rxg8+ Kxg8 35. Kf2 Rxe5 36. Bd2 Rh5 37. Kg1 Rb5 38. Bc3 Rg5+ 39.
Kh1 f3 40. Ng3 h5 41. Ne4 Rg6 42. h3 Kf8 1/2-1/2

[Event "ENCI Limburg-open B"]
[Site "Maastricht"]
[Date "2008.05.12"]
[Round "6"]
[White "Johnen, Franz"]
[Black "Tromp, Sander"]
[Result "1/2-1/2"]
[WhiteElo "1587"]
[BlackElo "1791"]
[PlyCount "85"]
[EventDate "2008.05.09"]
[EventType "swiss"]
[EventRounds "7"]
[EventCountry "NED"]
[Source "P.Boonen"]
[SourceDate "2010.01.01"]

1. d4 Nf6 2. c4 g6 3. Nc3 Bg7 4. Nf3 O-O 5. e3 c5 6. Be2 d6 7. O-O a6 8. b3 Bg4
9. Bb2 Nbd7 10. Rc1 Qa5 11. a4 e6 12. h3 Bxf3 13. Bxf3 Rab8 14. Ne4 Nxe4 15.
Bxe4 Nf6 16. Bf3 Qc7 17. Qd3 Nd7 18. Rc2 f5 19. Rd1 Rbd8 20. e4 Nb8 21. Re2 Nc6
22. exf5 Nb4 23. Qb1 exf5 24. dxc5 dxc5 25. Bxg7 Qxg7 26. Qa1 Qf6 27. Qb1 b6
28. Red2 Kg7 29. Rd7+ Rxd7 30. Rxd7+ Rf7 31. Qd1 Re7 32. Qd6 Rxd7 33. Qxd7+ Kh6
34. Qd2+ f4 35. g3 g5 36. Kg2 fxg3 37. fxg3 Nc6 38. h4 Nd4 39. hxg5+ Qxg5 40.
Qd3 a5 41. Bd1 Qc1 42. Kf2 Qb2+ 43. Ke1 1/2-1/2

[Event "ENCI Limburg-open B"]
[Site "Maastricht"]
[Date "2008.05.12"]
[Round "6"]
[White "Kalkman De Koster, Franzke"]
[Black "Chan, Alexander"]
[Result "1-0"]
[WhiteElo "1390"]
[BlackElo "1259"]
[PlyCount "79"]
[EventDate "2008.05.09"]
[EventType "swiss"]
[EventRounds "7"]
[EventCountry "NED"]
[Source "P.Boonen"]
[SourceDate "2010.01.01"]

1. d4 Nf6 2. c4 d6 3. Nf3 Nc6 4. Nc3 g6 5. e4 Bg4 6. Be2 Bg7 7. Bf4 Nd7 8. d5
Nb4 9. a3 Na6 10. O-O Nac5 11. Qc2 O-O 12. b4 Bxc3 13. Qxc3 Nxe4 14. Qe3 Ndf6
15. h3 Bf5 16. g4 Bd7 17. Kh2 Bxg4 18. Rg1 Bf5 19. Nh4 Qc8 20. f3 Re8 21. fxe4
Nxe4 22. Nxf5 Qxf5 23. Bg4 Qf6 24. Qxe4 Qb2+ 25. Qe2 Qxe2+ 26. Bxe2 e5 27. dxe6
Rxe6 28. Bf3 Rf6 29. Bxb7 Rb8 30. Bg5 Rf2+ 31. Bg2 Rc2 32. Rge1 Rxc4 33. Re7
Rc8 34. Rae1 Rc3 35. Bh6 f6 36. Rg7+ Kh8 37. Ree7 Rb8 38. Rxh7+ Kg8 39. Reg7+
Kf8 40. Rh8# 1-0

[Event "ENCI Limburg-open B"]
[Site "Maastricht"]
[Date "2008.05.12"]
[Round "6"]
[White "Kers, Kyra Tiana"]
[Black "Dirksen, Pieter"]
[Result "1-0"]
[WhiteElo "1385"]
[BlackElo "1518"]
[PlyCount "43"]
[EventDate "2008.05.09"]
[EventType "swiss"]
[EventRounds "7"]
[EventCountry "NED"]
[Source "P.Boonen"]
[SourceDate "2010.01.01"]

1. e4 e5 2. Bc4 Bc5 3. Nf3 Nc6 4. Nc3 Nf6 5. d3 d6 6. Bg5 Be6 7. Nd5 Bxd5 8.
Bxd5 O-O 9. Qd2 Rb8 10. c3 a5 11. O-O Qe7 12. d4 Bb6 13. Rad1 Rfd8 14. Rfe1 Na7
15. Nh4 g6 16. f4 a4 17. Kh1 Nc6 18. f5 exd4 19. fxg6 hxg6 20. Nxg6 Qd7 21.
Bxf6 dxc3 22. Qh6 1-0

[Event "ENCI Limburg-open B"]
[Site "Maastricht"]
[Date "2008.05.12"]
[Round "6"]
[White "Kleijnen, Jos"]
[Black "Reyskens, Jules"]
[Result "0-1"]
[WhiteElo "1484"]
[BlackElo "1721"]
[PlyCount "71"]
[EventDate "2008.05.09"]
[EventType "swiss"]
[EventRounds "7"]
[EventCountry "NED"]
[Source "P.Boonen"]
[SourceDate "2010.01.01"]

1. e4 e5 2. Nf3 Nf6 3. d3 Nc6 4. Be2 Bc5 5. O-O d6 6. Bg5 Be6 7. Nc3 h6 8. Be3
Bb6 9. d4 exd4 10. Nxd4 Nxd4 11. Bxd4 O-O 12. Qd3 Bxd4 13. Qxd4 Ng4 14. f4 Qh4
15. h3 Nf6 16. Qe3 Nh7 17. f5 Bd7 18. Rad1 Bc6 19. Nd5 Bxd5 20. Rxd5 Rae8 21.
Bd3 Qe7 22. e5 dxe5 23. Be4 Nf6 24. Rd3 c6 25. Rfd1 Rd8 26. Qe2 Rxd3 27. Rxd3
Rd8 28. Re3 Qc5 29. Kh2 Nxe4 30. Rxe4 f6 31. Qh5 Qd5 32. Rg4 Kh8 33. Qg6 Rg8
34. Rh4 Qd2 35. Rxh6+ Qxh6 36. Qxh6+ 0-1

[Event "ENCI Limburg-open B"]
[Site "Maastricht"]
[Date "2008.05.12"]
[Round "6"]
[White "Loose, Rob"]
[Black "Ingelaere, Frederic"]
[Result "1-0"]
[WhiteElo "1859"]
[BlackElo "1691"]
[PlyCount "107"]
[EventDate "2008.05.09"]
[EventType "swiss"]
[EventRounds "7"]
[EventCountry "NED"]
[Source "P.Boonen"]
[SourceDate "2010.01.01"]

1. e4 c5 2. Nf3 d6 3. d4 cxd4 4. Nxd4 Nf6 5. Nc3 a6 6. Be3 b5 7. a4 b4 8. Nd5
Nxe4 9. Qf3 Nc5 10. Nf6+ gxf6 11. Qxa8 Bb7 12. Qa7 e5 13. Nb3 Nc6 14. Nxc5 Nxa7
15. Nxb7 Qc7 16. Bxa6 Nc6 17. a5 Nd4 18. Bxd4 exd4 19. Bb5+ Ke7 20. a6 Bg7 21.
O-O f5 22. Bd3 f4 23. Ra4 Qb6 24. Rfa1 b3 25. cxb3 Qxb3 26. R4a3 Qxb2 27. Na5
d5 28. h3 Ra8 29. R1a2 Qc1+ 30. Kh2 f3 31. g3 Bh6 32. Rb3 Bd2 33. Rb1 Qc3 34.
Rb3 Qxa5 35. Rxa5 Bxa5 36. Rb7+ Ke6 37. g4 h6 38. Kg3 Bd2 39. Kxf3 Bg5 40. Kg3
Be7 41. f4 Bc5 42. h4 Kf6 43. g5+ hxg5 44. fxg5+ Kg7 45. Kg4 Re8 46. g6 Re3 47.
Rxf7+ Kg8 48. Rf3 Re4+ 49. Bxe4 dxe4 50. Rf7 d3 51. a7 Bxa7 52. Rxa7 d2 53. Rd7
e3 54. Kf3 1-0

[Event "ENCI Limburg-open B"]
[Site "Maastricht"]
[Date "2008.05.12"]
[Round "6"]
[White "Marcoen, Tom"]
[Black "Vancleef, Arne"]
[Result "1-0"]
[WhiteElo "1384"]
[BlackElo "1517"]
[PlyCount "89"]
[EventDate "2008.05.09"]
[EventType "swiss"]
[EventRounds "7"]
[EventCountry "NED"]
[Source "P.Boonen"]
[SourceDate "2010.01.01"]

1. e4 d5 2. exd5 Nf6 3. d4 Nxd5 4. c4 Nb4 5. a3 N4a6 6. b4 c6 7. Nf3 g6 8. Bb2
Bg7 9. Be2 O-O 10. O-O Bf5 11. Bd3 Bxd3 12. Qxd3 c5 13. Bc3 cxd4 14. Rd1 Nc6
15. Nxd4 Nxd4 16. Bxd4 e5 17. Bc3 e4 18. Qc2 Qe7 19. Bxg7 Kxg7 20. Re1 f5 21.
f3 Qd6 22. Qc3+ Qf6 23. Qxf6+ Rxf6 24. fxe4 Re6 25. Nc3 Rae8 26. Re2 Rc6 27. c5
b6 28. Rc1 bxc5 29. b5 Rce6 30. bxa6 Rxa6 31. Ra1 Rae6 32. Rae1 Ra6 33. a4 fxe4
34. Rxe4 Rxe4 35. Rxe4 Rf6 36. Re7+ Rf7 37. Rxf7+ Kxf7 38. Kf2 Ke6 39. Ke3 Kd6
40. Nb5+ Kc6 41. Nxa7+ Kb6 42. Nb5 Ka5 43. Nc3 Kb4 44. Kd3 c4+ 45. Kd4 1-0

[Event "ENCI Limburg-open B"]
[Site "Maastricht"]
[Date "2008.05.12"]
[Round "6"]
[White "Metsemakers, Peter"]
[Black "Roemhild, Wolfgang"]
[Result "1-0"]
[WhiteElo "1847"]
[BlackElo "1734"]
[PlyCount "85"]
[EventDate "2008.05.09"]
[EventType "swiss"]
[EventRounds "7"]
[EventCountry "NED"]
[Source "P.Boonen"]
[SourceDate "2010.01.01"]

1. e4 e5 2. Nf3 Nc6 3. Bb5 f5 4. Bxc6 bxc6 5. d3 d6 6. O-O f4 7. d4 Bg4 8. dxe5
Qe7 9. exd6 cxd6 10. Bxf4 Rd8 11. Bg5 Nf6 12. h3 Bh5 13. Qe2 h6 14. Bxf6 Qxf6
15. c3 Be7 16. Nbd2 O-O 17. Rfe1 Qg6 18. g4 Rf4 19. Kh1 Bxg4 20. hxg4 Rxg4 21.
Nh2 Rh4 22. Rg1 Qf7 23. Rg4 Rh5 24. Rag1 Bf6 25. f4 Kh8 26. Ndf3 Re8 27. a3 c5
28. Rf1 Qb7 29. Re1 d5 30. e5 Qd7 31. Reg1 d4 32. Qd3 Qd5 33. c4 Qf7 34. exf6
g5 35. Ne5 Rxe5 36. fxe5 a5 37. Re1 Kg8 38. Qe4 Kh8 39. e6 Qc7 40. Qe5 Qb7+ 41.
Rg2 Qf3 42. f7+ Kh7 43. Qe4+ 1-0

[Event "ENCI Limburg-open B"]
[Site "Maastricht"]
[Date "2008.05.12"]
[Round "6"]
[White "Mollema, Thomas"]
[Black "Cox, Maud"]
[Result "1-0"]
[WhiteElo "1422"]
[BlackElo "1295"]
[PlyCount "97"]
[EventDate "2008.05.09"]
[EventType "swiss"]
[EventRounds "7"]
[EventCountry "NED"]
[Source "P.Boonen"]
[SourceDate "2010.01.01"]

1. e4 e5 2. Nf3 Nc6 3. d4 exd4 4. Nxd4 Nf6 5. Nc3 Bb4 6. Bg5 O-O 7. a3 Ba5 8.
b4 Bb6 9. Nxc6 bxc6 10. Bc4 Qe7 11. Qf3 Bd4 12. O-O Re8 13. Rfe1 c5 14. Bxf6
Bxf6 15. Nd5 Qe5 16. Nxf6+ Qxf6 17. Qxf6 gxf6 18. bxc5 Bb7 19. Bd5 Bxd5 20.
exd5 Kf8 21. d6 c6 22. Kf1 Rab8 23. Rxe8+ Rxe8 24. Re1 Rb8 25. Re3 Rb2 26. Rc3
Rb1+ 27. Ke2 Rh1 28. h3 Rh2 29. Kf3 f5 30. Kg3 Rh1 31. Kf4 Rf1 32. f3 Rg1 33.
g4 fxg4 34. fxg4 f6 35. Ke4 Kf7 36. Kd4 Ke6 37. Re3+ Kf7 38. Re7+ Kg6 39. Rxd7
a5 40. Ra7 Rd1+ 41. Kc3 Rh1 42. Rxa5 Rxh3+ 43. Kb2 Kf7 44. Ra6 Rh4 45. Rxc6
Rxg4 46. Rc7+ Ke6 47. Re7+ Kd5 48. d7 Rg8 49. Re8 1-0

[Event "ENCI Limburg-open B"]
[Site "Maastricht"]
[Date "2008.05.12"]
[Round "6"]
[White "Muyrers, Cyril"]
[Black "Glasbeek, Steven"]
[Result "0-1"]
[WhiteElo "1766"]
[BlackElo "1660"]
[PlyCount "50"]
[EventDate "2008.05.09"]
[EventType "swiss"]
[EventRounds "7"]
[EventCountry "NED"]
[Source "P.Boonen"]
[SourceDate "2010.01.01"]

1. e4 c5 2. Nf3 d6 3. c3 Nf6 4. Be2 g6 5. O-O Bg7 6. Re1 O-O 7. d3 Nc6 8. Bg5
Rb8 9. Nbd2 b5 10. d4 cxd4 11. cxd4 Qb6 12. d5 Ng4 13. Rf1 f6 14. Bh4 Nce5 15.
Ne1 g5 16. Bg3 f5 17. Bxe5 Nxe5 18. Bd3 f4 19. Ndf3 g4 20. Ng5 h6 21. Ne6 Bxe6
22. dxe6 g3 23. Be2 gxf2+ 24. Rxf2 f3 25. gxf3 Ng4 0-1

[Event "ENCI Limburg-open B"]
[Site "Maastricht"]
[Date "2008.05.12"]
[Round "6"]
[White "Orbons, Richard"]
[Black "Van Oirschot, Kees"]
[Result "0-1"]
[WhiteElo "1662"]
[BlackElo "1807"]
[PlyCount "62"]
[EventDate "2008.05.09"]
[EventType "swiss"]
[EventRounds "7"]
[EventCountry "NED"]
[Source "P.Boonen"]
[SourceDate "2010.01.01"]

1. Nf3 Nf6 2. g3 b6 3. Bg2 Bb7 4. O-O e6 5. d3 d5 6. Nbd2 Be7 7. Re1 O-O 8. e4
dxe4 9. Ng5 c5 10. Ngxe4 Qc7 11. Nxf6+ Bxf6 12. Ne4 Be7 13. Qh5 Nc6 14. Ng5
Bxg5 15. Bxg5 Nd4 16. Re4 f6 17. Bd2 Nxc2 18. Rc1 Nd4 19. b4 g6 20. Qh3 Bxe4
21. Bxe4 Ne2+ 22. Kf1 Nxc1 23. Bxc1 Rae8 24. Bf4 Qe7 25. b5 Rd8 26. g4 Rd4 27.
Bh6 Rfd8 28. Qg3 Qd6 29. Bf4 e5 30. Be3 Rxe4 31. dxe4 Qd3+ 0-1

[Event "ENCI Limburg-open B"]
[Site "Maastricht"]
[Date "2008.05.12"]
[Round "6"]
[White "Otten, Martijn"]
[Black "Lombaers, Peter"]
[Result "0-1"]
[WhiteElo "1796"]
[BlackElo "1663"]
[PlyCount "72"]
[EventDate "2008.05.09"]
[EventType "swiss"]
[EventRounds "7"]
[EventCountry "NED"]
[Source "P.Boonen"]
[SourceDate "2010.01.01"]

1. d4 d5 2. c4 e5 3. dxe5 d4 4. Nf3 Nc6 5. a3 Nge7 6. Bg5 Qd7 7. Bxe7 Bxe7 8.
Nbd2 O-O 9. Nb3 Rd8 10. Rc1 a5 11. g3 a4 12. Na1 Qf5 13. Qd3 Qxd3 14. exd3 Ra5
15. Nc2 Bg4 16. Be2 Nxe5 17. Nd2 Bf5 18. b4 Ra6 19. O-O Nxd3 20. Bxd3 Bxd3 21.
Rfd1 Bg5 22. f4 Bf6 23. Re1 c5 24. bxc5 Bxc2 25. Rxc2 d3 26. Ra2 Bd4+ 27. Kg2
Bxc5 28. Rb1 Re6 29. Rxb7 Re2+ 30. Kh3 Bg1 31. Rab2 f5 32. Nf3 d2 33. Rxd2
Rdxd2 34. Rb8+ Kf7 35. Rb7+ Ke8 36. Nxd2 Rxh2# 0-1

[Event "ENCI Limburg-open B"]
[Site "Maastricht"]
[Date "2008.05.12"]
[Round "6"]
[White "Otto, Moritz"]
[Black "Bokern, Peter"]
[Result "0-1"]
[WhiteElo "1210"]
[BlackElo "1378"]
[PlyCount "66"]
[EventDate "2008.05.09"]
[EventType "swiss"]
[EventRounds "7"]
[EventCountry "NED"]
[Source "P.Boonen"]
[SourceDate "2010.01.01"]

1. e4 e5 2. Nf3 Nc6 3. c3 Bc5 4. b4 Be7 5. b5 Na5 6. Nxe5 Nf6 7. Qc2 b6 8. d4
d5 9. f3 Bb7 10. Bd3 c6 11. O-O c5 12. Bd2 c4 13. Be2 dxe4 14. Nxc4 exf3 15.
gxf3 Nxc4 16. Bxc4 O-O 17. Bf4 Nh5 18. Be5 Bg5 19. Qe2 Re8 20. Qf2 Bh4 21. Qd2
Bd5 22. Na3 Bxc4 23. Nxc4 Re6 24. Kh1 Rg6 25. Rg1 Bg5 26. f4 Bxf4 27. Bxf4 Qd5+
28. Rg2 Nxf4 29. Ne3 Qe4 30. d5 Nxg2 31. Nxg2 Rd8 32. Re1 Qf3 33. Re3 Qf1# 0-1

[Event "ENCI Limburg-open B"]
[Site "Maastricht"]
[Date "2008.05.12"]
[Round "6"]
[White "Peek, Harrie"]
[Black "Yue, Tim"]
[Result "1-0"]
[WhiteElo "1722"]
[BlackElo "1482"]
[PlyCount "63"]
[EventDate "2008.05.09"]
[EventType "swiss"]
[EventRounds "7"]
[EventCountry "NED"]
[Source "P.Boonen"]
[SourceDate "2010.01.01"]

1. d4 d5 2. c4 e6 3. g3 Nf6 4. Bg2 Be7 5. Nf3 Nc6 6. O-O O-O 7. b3 b6 8. Nc3
Bd6 9. Nb5 Bb4 10. a3 Be7 11. Bf4 a6 12. Nc3 Bb7 13. cxd5 exd5 14. b4 b5 15.
Rc1 Re8 16. Ne5 Bd6 17. Nxd5 Nxd5 18. Bxd5 Nxd4 19. Bxb7 Bxe5 20. Bxe5 Rxe5 21.
e3 Nf5 22. Bxa8 Qxa8 23. Rxc7 h6 24. Qc2 Ne7 25. Rc1 Qf3 26. Qd1 Qa8 27. Qd3
Rd5 28. Qc2 Re5 29. Rd1 g6 30. Rdd7 Kf8 31. Qc3 f6 32. Rxe7 1-0

[Event "ENCI Limburg-open B"]
[Site "Maastricht"]
[Date "2008.05.12"]
[Round "6"]
[White "Pijlman, Rene"]
[Black "Hollands, Maxim"]
[Result "0-1"]
[WhiteElo "1868"]
[BlackElo "1704"]
[PlyCount "62"]
[EventDate "2008.05.09"]
[EventType "swiss"]
[EventRounds "7"]
[EventCountry "NED"]
[Source "P.Boonen"]
[SourceDate "2010.01.01"]

1. Nf3 Nf6 2. d3 g6 3. Nbd2 Bg7 4. g3 O-O 5. Bg2 d6 6. O-O e5 7. c3 Nc6 8. e4
Ne8 9. Nh4 Ne7 10. Nc4 Be6 11. Ne3 Qd7 12. f4 exf4 13. gxf4 Bh3 14. f5 Bxg2 15.
Kxg2 d5 16. Ng4 Nf6 17. Bg5 Nxg4 18. Qxg4 Nc6 19. d4 dxe4 20. Qxe4 Rae8 21. Qf3
f6 22. Bd2 g5 23. Ng6 hxg6 24. fxg6 Bh6 25. h4 g4 26. Qf2 Qd5+ 27. Kg3 Bxd2 28.
Qxd2 Qh5 29. Qd3 Kg7 30. Rf5 Qxg6 31. Raf1 Ne7 0-1

[Event "ENCI Limburg-open B"]
[Site "Maastricht"]
[Date "2008.05.12"]
[Round "6"]
[White "Rodriguez, Abelardo"]
[Black "Evmentchik, Jury"]
[Result "0-1"]
[WhiteElo "1214"]
[BlackElo "1466"]
[PlyCount "114"]
[EventDate "2008.05.09"]
[EventType "swiss"]
[EventRounds "7"]
[EventCountry "NED"]
[Source "P.Boonen"]
[SourceDate "2010.01.01"]

1. e4 Nf6 2. e5 Nd5 3. d4 d6 4. Nf3 Nc6 5. Bb5 Bf5 6. c3 g6 7. O-O Bg7 8. exd6
cxd6 9. Bc4 Nb6 10. Bb3 O-O 11. Be3 d5 12. Nbd2 Rc8 13. Re1 Re8 14. Nf1 Nc4 15.
Bxc4 dxc4 16. Ng3 Bd3 17. b3 a6 18. bxc4 Bxc4 19. Qd2 e5 20. dxe5 Nxe5 21. Qxd8
Rcxd8 22. Nxe5 Bxe5 23. Bd4 Bxd4 24. Rxe8+ Rxe8 25. cxd4 Rd8 26. Rd1 Bxa2 27.
f3 b5 28. Ne2 Bc4 29. Nc3 a5 30. Kf2 Kf8 31. Ke3 Re8+ 32. Kd2 a4 33. Kc1 Ke7
34. Kb2 Rb8 35. Re1+ Kd6 36. Ne4+ Kd5 37. Rd1 h5 38. Nc3+ Kd6 39. Ne4+ Kc6 40.
Ka3 Bb3 41. Rd2 b4+ 42. Kb2 Be6 43. Nc5 a3+ 44. Ka1 b3 45. Nxe6 fxe6 46. Rd1
Kd5 47. g4 hxg4 48. fxg4 Kc4 49. h4 Kc3 50. h5 gxh5 51. gxh5 Kc2 52. Rb1 Ra8
53. h6 a2 54. Rb2+ Kc3 55. Rh2 Kb4 56. h7 Ka3 57. d5 Rf8 0-1

[Event "ENCI Limburg-open B"]
[Site "Maastricht"]
[Date "2008.05.12"]
[Round "6"]
[White "Roelofs, Iris"]
[Black "Pietz, Helmut"]
[Result "0-1"]
[WhiteElo "1330"]
[BlackElo "1715"]
[PlyCount "70"]
[EventDate "2008.05.09"]
[EventType "swiss"]
[EventRounds "7"]
[EventCountry "NED"]
[Source "P.Boonen"]
[SourceDate "2010.01.01"]

1. e4 e5 2. Nf3 Nf6 3. Nc3 Bb4 4. d3 Nc6 5. Bd2 O-O 6. Be2 h6 7. a3 Bc5 8. Be3
Bb6 9. O-O d6 10. Qd2 Ng4 11. h3 Nxe3 12. fxe3 a6 13. d4 Qe8 14. b4 f6 15. Bc4+
Kh8 16. Rad1 Qg6 17. Bd5 Bxh3 18. Kh2 Bg4 19. Kg1 Bxf3 20. Rxf3 exd4 21. exd4
Nxd4 22. Kf1 Nxf3 23. gxf3 Qg1+ 24. Ke2 Qf2+ 25. Kd3 Qxf3+ 26. Kc4 c6 27. Be6
Rad8 28. Kb3 d5 29. exd5 Rfe8 30. Re1 cxd5 31. Bxd5 Qg3 32. Rd1 Re3 33. Kb2 Qe5
34. a4 a5 35. b5 f5 0-1

[Event "ENCI Limburg-open B"]
[Site "Maastricht"]
[Date "2008.05.12"]
[Round "6"]
[White "Roelofs, Rik"]
[Black "Freriks, Oscar"]
[Result "0-1"]
[WhiteElo "1636"]
[BlackElo "1453"]
[PlyCount "138"]
[EventDate "2008.05.09"]
[EventType "swiss"]
[EventRounds "7"]
[EventCountry "NED"]
[Source "P.Boonen"]
[SourceDate "2010.01.01"]

1. e4 g6 2. d4 Bg7 3. Nf3 d6 4. Nc3 Nf6 5. Be2 Nbd7 6. h3 c5 7. Be3 O-O 8. O-O
Rb8 9. Qd2 a6 10. Rfd1 b5 11. dxc5 dxc5 12. e5 b4 13. exf6 bxc3 14. fxe7 Qxe7
15. bxc3 Nf6 16. Rab1 Rxb1 17. Rxb1 Ne4 18. Qe1 Nxc3 19. Rb3 Nd5 20. Bd2 Be6
21. Rb1 Nc7 22. Bf1 Qd7 23. c4 Qa4 24. Bf4 Na8 25. Qe2 Re8 26. Re1 Nb6 27. Nd2
Qxa2 28. Bc7 Na4 29. Qd3 Bc3 30. Bf4 Bf6 31. Ne4 Bg7 32. Ng5 Nb2 33. Rxe6 Nxd3
34. Rxe8+ Bf8 35. Bxd3 Qa1+ 36. Bf1 Qf6 37. g3 h6 38. Nh7 Kxh7 39. Rxf8 g5 40.
Be3 Kg7 41. Rc8 Qe6 42. Rxc5 g4 43. hxg4 Qxg4 44. Rc6 h5 45. Rc5 Qd1 46. Rd5
Qf3 47. Ra5 h4 48. gxh4 Qg4+ 49. Bg2 Qd1+ 50. Kh2 Qd6+ 51. f4 Qd3 52. Bf2 Qxc4
53. Bg3 Qb4 54. Rg5+ Kf8 55. f5 a5 56. f6 a4 57. Rd5 Ke8 58. Rd6 Qa5 59. Bf3 a3
60. Bc6+ Kf8 61. Bd5 a2 62. Bxa2 Qxa2+ 63. Kh3 Kg8 64. Rd4 Qe6+ 65. Rg4+ Kh7
66. h5 Kh6 67. Kh4 Qxf6+ 68. Kh3 Qf5 69. Bf4+ Kxh5 0-1